| 000 | 00942nam a2200217 4500 | ||
|---|---|---|---|
| 003 | NALT | ||
| 005 | 20251111105532.0 | ||
| 008 | 251107b th ||||| |||| 00| 0 eng d | ||
| 040 | _aNALT | ||
| 050 |
_aRD 688 _bB46W 2023 |
||
| 100 | 0 |
_aBenjamaporn Hancharoenkul. _966921 |
|
| 245 | 1 | 0 |
_aWork-related musculoskeletal disorders and developed workplace interventions program in poultry slaughterhouse workers / _cBenjamaporn Hancharoenkul. |
| 260 |
_aChiang Mai : _bChiang Mai University, _c2023. |
||
| 300 |
_a97 p. : _bill., tables, chart ; _c30 cm. |
||
| 505 | 2 | _aChapter 1 Introduction -- 1.1 Rationale -- 1.2 Aims of study -- 1.3 Hypotheses of study -- Chapter 2 Research articles -- 2.1 Published paper -- 2.2 Unpublished manuscript -- Chapter 3 Conclusion. | |
| 650 | 0 | _xHealth aspects | |
| 942 |
_2lcc _cRSH |
||
| 996 |
_ajidapa.t _bACQSTF _c2025-11-07 |
||
| 996 |
_avaree.k _bLIBSTF _c2025-11-10 |
||
| 999 |
_c107445 _d107445 |
||
| 998 |
_j1020 _k นางจำเรียง ระวังสำโรง |
||